Online
Catalog

Análisis del capital intelectual de empresas Dominicanas : (Record no. 45479)

MARC details
000 -CABECERA
campo de control de longitud fija 01505nam a2200229 a 4500
001 - NÚMERO DE CONTROL
campo de control 000045990
005 - FECHA Y HORA DE LA ÚLTIMA TRANSACCIÓN
campo de control 20201002052551.0
008 - DATOS DE LONGITUD FIJA--INFORMACIÓN GENERAL
campo de control de longitud fija 150605s2014 dr a 000 0 spa d
020 ## - NÚMERO INTERNACIONAL ESTÁNDAR DEL LIBRO
Número Internacional Estándar del Libro 9789945865998
040 ## - FUENTE DE LA CATALOGACIÓN
Centro catalogador/agencia de origen DO-SdBNP
Lengua de catalogación spa
Centro/agencia transcriptor BNPHU
082 ## - NÚMERO DE LA CLASIFICACIÓN DECIMAL DEWEY
Número de clasificación xxxx
Número de documento/Ítem xxxx
100 1# - ENTRADA PRINCIPAL--NOMBRE DE PERSONA
Nombre de persona Gómez Valenzuela, Víctor
9 (RLIN) 74056
245 10 - MENCIÓN DE TÍTULO
Título Análisis del capital intelectual de empresas Dominicanas :
Resto del título la importancia de las ideas y del conocimiento /
Mención de responsabilidad, etc. Víctor Gómez Valenzuela ; presentación Juan José Báez Carvajal, Andrés Vanderhorst Álvarez.
260 ## - PUBLICACIÓN, DISTRIBUCIÓN, ETC.
Lugar de publicación, distribución, etc. Santo Domingo :
Nombre del editor, distribuidor, etc. ONAPI,
Fecha de publicación, distribución, etc. 2014.
300 ## - DESCRIPCIÓN FÍSICA
Extensión 90 p. :
Otras características físicas il., mapas, retrs. ;
Dimensiones 28 cm.
504 ## - NOTA DE BIBLIOGRAFÍA, ETC.
Nota de bibliografía, etc. Bibliografía : p. 85-90
505 0# - NOTA DE CONTENIDO CON FORMATO
Nota de contenido con formato Introducción --
Título Contexto institucional --
-- Una rápida mirada a la realidad económica y social del país --
-- Comprendiendo el capital intelectual --
-- El concepto de sistema nacional de innovación --
-- Enfoque metodológico --
-- Aproximación metodológica --
-- Resultados --
-- Resultados descriptivos: caracterizando a las empresas --
-- El análisis factorial exploratorio: simplificación de factores --
-- Desempeño de las empresas y capital intelectual --
-- Balance de resultados y conclusiones --
-- Balance de los resultados --
-- Consideraciones finales --
500 ## - NOTA GENERAL
Nota general Incluye datos biográficos del autor.
710 22 - PUNTO DE ACCESO ADICIONAL--NOMBRE DE ENTIDAD CORPORATIVA
Nombre de entidad corporativa o nombre de jurisdicción como elemento de entrada Oficina Nacional de la Propiedad Industrial ONAPI, República Dominicana
9 (RLIN) 74057
700 12 - PUNTO DE ACCESO ADICIONAL--NOMBRE DE PERSONA
Nombre de persona Báez Carvajal, Juan José,
Término indicativo de función/relación pres.
9 (RLIN) 74058
700 12 - PUNTO DE ACCESO ADICIONAL--NOMBRE DE PERSONA
Nombre de persona Vanderhorst Álvarez, Andrés,
9 (RLIN) 74059
Holdings
Estado de retiro Estado de pérdida No para préstamo Código de colección Localización permanente Ubicación/localización actual Ubicación en estantería Fecha de adquisición Número de inventario Total de préstamos Signatura topográfica completa Código de barras Fecha visto por última vez Precio válido a partir de Tipo de ítem Koha Número de copia
    Excluido de préstamo Patrimonio Dominicano Patrimonio Dominicano Patrimonio Dominicano En catalogación 05.06.2015 LF1   xxxx xxxx 45990-10 25.06.2020 25.06.2020 Libro y Folleto Colección Patrimonio Dominicano  
    Excluido de préstamo Patrimonio Dominicano Patrimonio Dominicano Patrimonio Dominicano En catalogación 05.06.2015 LF1   xxxx xxxx 45990-20 25.06.2020 25.06.2020 Libro y Folleto Colección Patrimonio Dominicano e. 2

Powered by Koha